The effect of computer simulations on introductory thermodynamics understanding (Record no. 67104)

MARC details
000 -CABECERA
campo de control de longitud fija 00761nam a2200265 a 4500
005 - FECHA Y HORA DE LA ÚLTIMA TRANSACCIÓN
campo de control 20210219153041.0
008 - ELEMENTOS DE LONGITUD FIJA--INFORMACIÓN GENERAL
campo de control de longitud fija 991125n 000 0 u
035 ## - NÚMERO DE CONTROL DEL SISTEMA
Número de control de sistema UPN01000074760
100 ## - ASIENTO PRINCIPAL--NOMBRE PERSONAL
Nombre de persona Lewis, Eileen L.
222 #0 - TÍTULO CLAVE
Título clave EDUCATIONAL TECHNOLOGY
245 #0 - MENCIÓN DE TÍTULO
Título The effect of computer simulations on introductory thermodynamics understanding
300 ## - DESCRIPCIÓN FÍSICA
Extensión 45-58
362 ## - FECHAS DE PUBLICACIÓN Y/O DESIGNACIÓN SECUENCIAL
Fecha de publicación y/o designación secuencial 33, No. 1, 1993
505 ## - NOTA DE CONTENIDO CON FORMATO PREESTABLECIDO
Nota de contenido con formato Junio 1993
653 0# - TERMINO DE INDIZACION - NO CONTROLADO
Término no controlado DESARROLLO CURRICULAR
653 0# - TERMINO DE INDIZACION - NO CONTROLADO
Término no controlado DISEÑO ASISTIDO POR ORDENADOR
653 0# - TERMINO DE INDIZACION - NO CONTROLADO
Término no controlado GENERALIZACION
653 0# - TERMINO DE INDIZACION - NO CONTROLADO
Término no controlado INSTRUCCION CIENTIFICA
653 0# - TERMINO DE INDIZACION - NO CONTROLADO
Término no controlado SIMULACION EN COMPUTADORA
653 0# - TERMINO DE INDIZACION - NO CONTROLADO
Término no controlado TERMODINAMICA
700 ## - ASIENTO SECUNDARIO--NOMBRE DE PERSONAL
Nombre de persona Stern, Judith L.
700 ## - ASIENTO SECUNDARIO--NOMBRE DE PERSONAL
Nombre de persona Linn, Marcia C.
904 ## - ELEMENTOS DE DATOS D LOCAL, LDD (RLIN)
a AC
b 012571
905 ## - TIPO DE MATERIAL
Tipo de material Articulo

No items available.